Problem Of Aging In Rural India: (Record no. 206868)

MARC details
000 -LEADER
fixed length control field 00619nam a22002057a 4500
005 - DATE AND TIME OF LATEST TRANSACTION
control field 20241029150812.0
010 ## - LCCN (DPL NO)
LC control number ENG-142546
020 ## - INTERNATIONAL STANDARD BOOK NUMBER
International Standard Book Number 9788170545835
Terms of availability 300.00
035 ## - SYSTEM CONTROL NUMBER
System control number EN-126078
037 ## - SOURCE OF ACQUISITION
Source of stock number/acquisition DBAD/PUB
082 ## - DEWEY DECIMAL CLASSIFICATION NUMBER
Classification number 362.2
100 ## - MAIN ENTRY--PERSONAL NAME
Personal name Singh, Bhan Udai
245 ## - TITLE STATEMENT
Title Problem Of Aging In Rural India:
Statement of responsibility, etc by Udai Bhan Singh
Remainder of title Tradition and Change
250 ## - EDITION STATEMENT
Edition statement 1
260 ## - PUBLICATION, DISTRIBUTION, ETC. (IMPRINT)
Place of publication, distribution, etc New Delhi
Name of publisher, distributor, etc Classical Publishing Company
Date of publication, distribution, etc 2012
270 ## - ADDRESS
Address 28, Shopping Centre, Karampura,
City New Delhi
Postal code 110015
300 ## - PHYSICAL DESCRIPTION
Extent 112p.
Dimensions 21cm(pbk)
700 ## - ADDED ENTRY--PERSONAL NAME
9 (RLIN) 73644
942 ## - ADDED ENTRY ELEMENTS (KOHA)
Source of classification or shelving scheme Dewey Decimal Classification
Item type English Books
Classification part 362.2
Call number suffix SIN
Edition 1
Holdings
Withdrawn status Lost status Not for loan Collection code Home library Current library Date acquired Source of acquisition Cost, normal purchase price Full call number Barcode Copy number Cost, replacement price Koha item type
      Non-fiction Bawana Bawana 29/10/2024 DBAD 300.00 362.2 SIN EN-126078 1 300.00 English Books

© Delhi Public Library
Hit Counter
free hit counter